00498 a2200157 45000010006000000050017000060080041000230030015000640400040000790800035001192450080001542640058002343000019002920410008003111000021003196190420260407155911.0260407a1948 arg spa dAR-UNSa-BCEJYS aAR-UNSa-BCEJYSbspacAR-UNSa-BCEJYS a347.72xSociedades comerciales10aLa nacionalidad de las sociedades mercantiles en la academia interamericana 1aBuenos Aires :bTipográfica Editora Argentinac1948 a107 p.c22 cm. aspa1 aAztiria, Enrique